Wird geladen...
| LEADER | 00414nam a2200145Ia 4500 | ||
|---|---|---|---|
| 001 | 7033 | ||
| 008 | 170722s9999 xx 000 0 und d | ||
| 100 | |a Clissold Stephen | ||
| 245 | |a Chilean scrape-book / | ||
| 260 | |c 1952 | ||
| 653 | |a Chile | ||
| 653 | |a Generalia | ||
| 942 | |c GEN | ||
| 999 | |c 18995 |d 18995 | ||
| 952 | |0 0 |1 0 |4 0 |6 Z_7914_000000000000000_J2 |7 0 |9 22472 |a LIB |b LIB |d 2013-03-25 |o z7914 J2 |p 46702 |r 2017-08-12 |w 2017-08-12 |y GEN | ||